[Event "Smuk Skak GM 2022"]
[Site "Skanderborg"]
[Date "2022.08.17"]
[Round "5"]
[White "Vinter Schou, Uffe"]
[Black "Nielsen, Viktor Haarmark"]
[Result "0-1"]
[WhiteElo "2407"]
[BlackElo "2336"]
[PlyCount "90"]
[EventDate "2022.08.13"]
[EventType "tourn"]
[EventRounds "9"]
[EventCountry "DEN"]

1. c4 Nf6 2. Nc3 g6 3. g3 Bg7 4. Bg2 c5 5. d3 Nc6 6. Bf4 d6 7. Qd2 Nd4 8. Rb1
a5 9. Bh6 O-O 10. Bxg7 Kxg7 11. e3 Nf5 12. Nge2 h5 13. h4 e6 14. d4 Qb6 15. O-O
cxd4 16. Nxd4 Nxd4 17. Qxd4 Qxd4 18. exd4 Rd8 19. Rfe1 Rb8 20. b4 axb4 21. Rxb4
Rd7 22. Reb1 e5 23. Bc6 Rc7 24. d5 Ra8 25. Ba4 Rc5 26. Bb3 Ra6 27. Rd1 Rc7 28.
Nb5 Rc5 29. Nc3 Rc7 30. Kg2 Bf5 31. Nb5 Rc5 32. Nc3 Rc7 33. f3 Nd7 34. Na4 Ra5
35. Rd2 e4 36. f4 Bg4 37. Kf2 Nf6 38. Rb6 Re7 39. Rd4 e3+ 40. Ke1 Ne4 41. Rxe4
Rxe4 42. Nc3 Rd4 43. Rxb7 Rd3 44. Ne2 Rd2 45. Nc3 Rh2 0-1

[Event "Smuk Skak GM 2022"]
[Site "Skanderborg"]
[Date "2022.08.17"]
[Round "5"]
[White "Ovsejevitsch, Sergei"]
[Black "Pedersen, Nicolai Vesterbaek"]
[Result "1/2-1/2"]
[WhiteElo "2581"]
[BlackElo "2366"]
[PlyCount "84"]
[EventDate "2022.08.13"]
[EventType "tourn"]
[EventRounds "9"]
[EventCountry "DEN"]

1. d4 Nf6 2. c4 e6 3. Nc3 Bb4 4. Nf3 c5 5. dxc5 Na6 6. Bd2 Nxc5 7. e3 O-O 8.
Be2 b6 9. O-O Bb7 10. a3 Bxc3 11. Bxc3 Nce4 12. Be1 Rc8 13. Nd2 Nxd2 14. Bxd2
d5 15. cxd5 Bxd5 16. Bb4 Re8 17. Bb5 Nd7 18. Qg4 f5 19. Qf4 a5 20. Bd6 Bc6 21.
Ba6 Ra8 22. Be2 Qf6 23. Qd4 Qxd4 24. exd4 Rec8 25. Rac1 Nf6 26. f3 Nd5 27. Kf2
Ba4 28. Bd3 Kf7 29. Ke2 g6 30. Kd2 Rd8 31. Be5 Rd7 32. g4 Ne7 33. Rc7 Rxc7 34.
Bxc7 Nc6 35. gxf5 gxf5 36. d5 exd5 37. Bxf5 Nd4 38. Bxh7 Re8 39. Rf2 Nb3+ 40.
Kd3 Nc5+ 41. Kd2 Nb3+ 42. Kd3 Nc5+ 1/2-1/2

[Event "Smuk Skak GM 2022"]
[Site "Skanderborg"]
[Date "2022.08.17"]
[Round "5"]
[White "Roshka, Yevgeniy"]
[Black "Hillarp Persson, Tiger"]
[Result "1-0"]
[WhiteElo "2499"]
[BlackElo "2514"]
[PlyCount "113"]
[EventDate "2022.08.13"]
[EventType "tourn"]
[EventRounds "9"]
[EventCountry "DEN"]

1. d4 Nf6 2. c4 e6 3. Nf3 d5 4. g3 dxc4 5. Bg2 c5 6. O-O Nc6 7. dxc5 Qxd1 8.
Rxd1 Bxc5 9. Nbd2 c3 10. bxc3 O-O 11. Nb3 Be7 12. c4 Bd7 13. Bb2 Rfd8 14. Nfd4
Rac8 15. Nb5 Nb4 16. Nd6 Bxd6 17. Rxd6 Bc6 18. Rxd8+ Rxd8 19. a3 Na6 20. Bxc6
bxc6 21. Bd4 c5 22. Bxc5 Rb8 23. Bb4 h5 24. Nd2 Nxb4 25. axb4 Rxb4 26. Rxa7 Rb2
27. Ra8+ Kh7 28. Rd8 g5 29. f3 Rc2 30. h4 g4 31. Kf2 Ng8 32. fxg4 hxg4 33. Ne4
Nh6 34. Nd6 Kg6 35. Rc8 f5 36. c5 e5 37. Rc6 Kh7 38. Ne8 Rc3 39. Nf6+ Kg7 40.
Nh5+ Kh7 41. Rc7+ Kg8 42. Nf6+ Kf8 43. Nd7+ Kg8 44. Nxe5 f4 45. gxf4 g3+ 46.
Kg2 Nf5 47. Nd3 Rc4 48. Rb7 Re4 49. Rb2 Re3 50. c6 Nxh4+ 51. Kg1 Nf5 52. Rb5
Ne7 53. Re5 Rxe5 54. Nxe5 Kg7 55. c7 Kf6 56. Nd7+ Kf5 57. Nb6 1-0

[Event "Smuk Skak GM 2022"]
[Site "Skanderborg"]
[Date "2022.08.18"]
[Round "6"]
[White "Boe Olsen, Filip"]
[Black "Ovsejevitsch, Sergei"]
[Result "0-1"]
[WhiteElo "2427"]
[BlackElo "2581"]
[PlyCount "70"]
[EventDate "2022.08.13"]
[EventType "tourn"]
[EventRounds "9"]
[EventCountry "DEN"]

1. d4 Nf6 2. c4 e6 3. Nf3 b6 4. a3 Bb7 5. Nc3 d5 6. Bg5 Be7 7. e3 O-O 8. Rc1
Nbd7 9. cxd5 exd5 10. Be2 h6 11. Bf4 c5 12. dxc5 bxc5 13. O-O Rc8 14. Ne5 Nxe5
15. Bxe5 Nd7 16. Bg3 Nb6 17. Bg4 f5 18. Bf3 Qd7 19. Ne2 g5 20. Bh5 d4 21. Be5
dxe3 22. fxe3 Qe6 23. Bg3 Nd5 24. Bf2 Nxe3 25. Bxe3 Qxe3+ 26. Kh1 Rcd8 27. Qc2
Rd2 28. Qc4+ Bd5 29. Qa6 Bd6 30. Rc3 Qe5 31. Rg3 Qe6 32. Rc3 g4 33. Rf2 Rd1+
34. Ng1 Rxg1+ 35. Kxg1 Bxh2+ 0-1

[Event "Smuk Skak GM 2022"]
[Site "Skanderborg"]
[Date "2022.08.18"]
[Round "6"]
[White "Korley, Kassa"]
[Black "Aarav, Dengla"]
[Result "1-0"]
[WhiteElo "2432"]
[BlackElo "2382"]
[PlyCount "63"]
[EventDate "2022.08.13"]
[EventType "tourn"]
[EventRounds "9"]
[EventCountry "DEN"]

1. Nf3 d5 2. g3 g6 3. Bg2 Bg7 4. d4 c6 5. O-O Nf6 6. a4 Ne4 7. c4 dxc4 8. Na3
Nd6 9. Re1 O-O 10. e4 Bg4 11. Bf4 Na6 12. Qd2 Bxf3 13. Bxf3 Qb6 14. Red1 Qb3
15. Qc3 Rfd8 16. e5 Nc8 17. Nxc4 Qb4 18. d5 c5 19. d6 exd6 20. Qc2 d5 21. Bxd5
Rxd5 22. Rxd5 Nb6 23. Nxb6 Qxb6 24. Rd6 Qa5 25. Rad1 Re8 26. Qc4 Qb4 27. Rd8
Rf8 28. Rxf8+ Bxf8 29. b3 Nc7 30. Qxb4 cxb4 31. Rd7 Ne6 32. Be3 1-0

[Event "Smuk Skak GM 2022"]
[Site "Skanderborg"]
[Date "2022.08.18"]
[Round "6"]
[White "Vinter Schou, Uffe"]
[Black "Solodovnichenko, Yuri"]
[Result "1/2-1/2"]
[WhiteElo "2407"]
[BlackElo "2508"]
[PlyCount "175"]
[EventDate "2022.08.13"]
[EventType "tourn"]
[EventRounds "9"]
[EventCountry "DEN"]

1. c4 e5 2. Nc3 Nf6 3. Nf3 Nc6 4. g3 Bb4 5. Bg2 O-O 6. O-O d6 7. Nd5 Bc5 8. e3
Re8 9. b3 e4 10. Ne1 Nxd5 11. cxd5 Qf6 12. d4 Nd8 13. Qc2 Bf5 14. dxc5 Qxa1 15.
Bb2 Qxa2 16. Qc3 f6 17. Nc2 Qa6 18. Nd4 Bg6 19. Ra1 dxc5 20. Rxa6 cxd4 21. Qxc7
bxa6 22. Bxd4 Bf7 23. Qd7 Rb8 24. Bf1 Rb7 25. Qd6 Rxb3 26. Bc4 Rb1+ 27. Kg2 Bh5
28. Qd7 h6 29. d6+ Kh7 30. Bd5 Bf3+ 31. Kh3 h5 32. Bxe4+ Rxe4 33. Qf5+ Kh6 34.
Qxf3 Nf7 35. Bxf6 Nxd6 36. Bd4 Rb5 37. Qf8 Nf5 38. Bc3 Re6 39. Qf7 Rc6 40. Bd2
Rd6 41. Bc1 Rc6 42. Qxa7 Kh7 43. Bd2 Rd6 44. Bc3 Rc6 45. Ba1 Ra5 46. Qb7 Rc2
47. Bxg7 Raa2 48. Be5+ Kg6 49. Qb6+ Kh7 50. Qf6 Rxf2 51. Qf7+ Kh6 52. Bf4+ Rxf4
53. gxf4 Ra5 54. Qf8+ Kh7 55. e4 Ng7 56. f5 Re5 57. Qb8 Rxe4 58. f6 Ne6 59.
Qb7+ Kh6 60. Kg2 Rg4+ 61. Kh1 Kg6 62. Qe7 Re4 63. Kg1 Rg4+ 64. Kh1 Re4 65. h3
Re1+ 66. Kh2 Re2+ 67. Kg1 Re1+ 68. Kf2 Re5 69. f7 Rf5+ 70. Kg3 Rf6 71. Qe8 Kg7
72. Qg8+ Kh6 73. Kh2 a5 74. Qe8 Kg7 75. Kg3 Nf8 76. Kh4 Rf5 77. Kg3 Rxf7 78.
Qe5+ Kg6 79. Qxa5 Rf5 80. Qb6+ Kh7 81. Qd6 Kg7 82. Qd4+ Kh7 83. Qe4 Kg6 84.
Qe8+ Kh6 85. Qc6+ Ng6 86. Qd7 h4+ 87. Kg2 Rf8 88. Qg4 1/2-1/2

[Event "Smuk Skak GM 2022"]
[Site "Skanderborg"]
[Date "2022.08.18"]
[Round "6"]
[White "Pedersen, Nicolai Vesterbaek"]
[Black "Roshka, Yevgeniy"]
[Result "1/2-1/2"]
[WhiteElo "2366"]
[BlackElo "2499"]
[PlyCount "141"]
[EventDate "2022.08.13"]
[EventType "tourn"]
[EventRounds "9"]
[EventCountry "DEN"]

1. Nf3 g6 2. g3 Bg7 3. d4 d6 4. Bg2 Nd7 5. e4 e5 6. O-O Ne7 7. dxe5 dxe5 8. Qe2
O-O 9. Nc3 Nc6 10. Rd1 Nd4 11. Nxd4 exd4 12. Nb5 c5 13. Nd6 Qe7 14. Nxc8 Raxc8
15. f4 Kh8 16. a4 Rfd8 17. a5 Qe6 18. Bf3 Re8 19. Bd2 c4 20. Bb4 Nb8 21. e5
Rcd8 22. Bc5 f6 23. Bxd4 Nc6 24. Bxc6 Qxc6 25. Bc3 fxe5 26. Rxd8 Rxd8 27. fxe5
Kg8 28. Re1 Bf8 29. Qe4 Bc5+ 30. Kg2 Qe6 31. Rf1 b5 32. axb6 axb6 33. Rf6 Qd5
34. Qxd5+ Rxd5 35. Kf3 Rd1 36. e6 b5 37. Rf4 Rc1 38. Re4 b4 39. Bd4 Be7 40. Re2
Kf8 41. Ke4 b3 42. cxb3 cxb3 43. Re3 Bc5 44. Bxc5+ Rxc5 45. Rxb3 Ke7 46. Rb6
Rc2 47. h4 h5 48. b4 Rc3 49. Ke5 Re3+ 50. Kf4 Rc3 51. b5 Rb3 52. Ke5 Re3+ 53.
Kd5 Rd3+ 54. Kc5 Rc3+ 55. Kd5 Rd3+ 56. Kc4 Rxg3 57. Rc6 Rg1 58. b6 Rb1 59. Kd5
Rb5+ 60. Rc5 Rxb6 61. Rc7+ Ke8 62. Rg7 Rb4 63. Kd6 Rd4+ 64. Ke5 Rxh4 65. Rxg6
Rh1 66. Rg8+ Ke7 67. Rg7+ Ke8 68. e7 Re1+ 69. Kf6 Rf1+ 70. Ke6 Re1+ 71. Kf6
1/2-1/2

[Event "Smuk Skak GM 2022"]
[Site "Skanderborg"]
[Date "2022.08.18"]
[Round "6"]
[White "Nielsen, Viktor Haarmark"]
[Black "Hillarp Persson, Tiger"]
[Result "0-1"]
[WhiteElo "2336"]
[BlackElo "2514"]
[PlyCount "70"]
[EventDate "2022.08.13"]
[EventType "tourn"]
[EventRounds "9"]
[EventCountry "DEN"]

1. d4 Nf6 2. c4 g6 3. Nc3 Bg7 4. e4 d6 5. Nf3 O-O 6. Be2 Na6 7. O-O e5 8. Be3
c6 9. Re1 Ng4 10. Bg5 f6 11. Bh4 Kh8 12. Rb1 Nh6 13. Qd2 Nf7 14. b4 g5 15. b5
Nc7 16. Bg3 g4 17. Nh4 exd4 18. Na4 c5 19. Nf5 Bxf5 20. exf5 Ne5 21. Bxe5 fxe5
22. Bxg4 b6 23. Nb2 a6 24. a4 axb5 25. axb5 Ra2 26. Qd3 Qg5 27. Qe4 Ne8 28. Bh3
Nf6 29. Qc2 e4 30. Qc1 Qh4 31. Ra1 Rfa8 32. Rxa2 Rxa2 33. Qb1 Ra3 34. Qd1 Bh6
35. Na4 e3 0-1

[Event "Smuk Skak GM 2022"]
[Site "Skanderborg"]
[Date "2022.08.19"]
[Round "7"]
[White "Roshka, Yevgeniy"]
[Black "Boe Olsen, Filip"]
[Result "1-0"]
[WhiteElo "2499"]
[BlackElo "2427"]
[PlyCount "79"]
[EventDate "2022.08.13"]
[EventType "tourn"]
[EventRounds "9"]
[EventCountry "DEN"]

1. d4 Nf6 2. c4 e6 3. g3 d5 4. Bg2 dxc4 5. Nf3 c6 6. O-O b5 7. Nc3 Bb7 8. e4
Nbd7 9. e5 Nd5 10. Ng5 Be7 11. Qh5 g6 12. Qh6 Bf8 13. Qh3 Be7 14. Qh6 Bf8 15.
Qh3 Be7 16. Nce4 c5 17. Qh6 Bf8 18. Nd6+ Bxd6 19. exd6 cxd4 20. Ne4 Qb6 21. Bg5
f6 22. Bxf6 N7xf6 23. Nxf6+ Nxf6 24. Qg7 O-O-O 25. Bxb7+ Qxb7 26. Qxf6 Qd5 27.
Rfe1 Rhf8 28. Qg7 Qxd6 29. Qxa7 Rf5 30. Qa8+ Kc7 31. Qa7+ Kc8 32. Qa8+ Kd7 33.
Qa7+ Ke8 34. Qxh7 d3 35. Re4 e5 36. a4 Rf7 37. Qh4 d2 38. Rd1 Qc5 39. Qh8+ Qf8
40. Qxe5+ 1-0

[Event "Smuk Skak GM 2022"]
[Site "Skanderborg"]
[Date "2022.08.19"]
[Round "7"]
[White "Ovsejevitsch, Sergei"]
[Black "Korley, Kassa"]
[Result "1/2-1/2"]
[WhiteElo "2581"]
[BlackElo "2432"]
[PlyCount "122"]
[EventDate "2022.08.13"]
[EventType "tourn"]
[EventRounds "9"]
[EventCountry "DEN"]

1. d4 d5 2. c4 e6 3. Nc3 Be7 4. cxd5 exd5 5. Bf4 c6 6. Qc2 g6 7. e3 Bf5 8. Qd2
Nf6 9. Nge2 Nbd7 10. Ng3 Be6 11. Bd3 h5 12. h3 Nb6 13. O-O Rg8 14. Bg5 h4 15.
Nge2 Qd7 16. Qc2 Nh5 17. Bxe7 Qxe7 18. Rfe1 Kf8 19. e4 dxe4 20. Nxe4 Nd5 21.
Nc5 Re8 22. Nc3 Ndf4 23. Nxe6+ Nxe6 24. Bc4 Nhf4 25. Bxe6 Nxe6 26. d5 cxd5 27.
Nxd5 Qg5 28. Nc7 Nxc7 29. Qxc7 Kg7 30. Qxb7 Rb8 31. Qxa7 Rxb2 32. a4 Rd8 33.
Ra3 Qd2 34. Rf1 Rd7 35. Qc5 Rd5 36. Qe7 Rb4 37. a5 Rd7 38. Qe5+ f6 39. Qa1 Qb2
40. Qxb2 Rxb2 41. a6 Ra7 42. Rfa1 Rb6 43. Kf1 Re6 44. Ra5 f5 45. R1a4 Kf6 46.
Rxh4 Raxa6 47. Rxa6 Rxa6 48. g3 Ra1+ 49. Kg2 Ra6 50. Rh7 Ra3 51. h4 Rb3 52. h5
gxh5 53. Rxh5 Kg6 54. Rh8 Rb2 55. Rd8 Kg5 56. Kf3 Rb3+ 57. Ke2 Rb2+ 58. Ke3
Rb3+ 59. Ke2 Rb2+ 60. Kf3 Rb3+ 61. Kg2 Rb2 1/2-1/2

[Event "Smuk Skak GM 2022"]
[Site "Skanderborg"]
[Date "2022.08.19"]
[Round "7"]
[White "Aarav, Dengla"]
[Black "Vinter Schou, Uffe"]
[Result "1-0"]
[WhiteElo "2382"]
[BlackElo "2407"]
[PlyCount "57"]
[EventDate "2022.08.13"]
[EventType "tourn"]
[EventRounds "9"]
[EventCountry "DEN"]

1. e4 c5 2. Nf3 e6 3. d4 cxd4 4. Nxd4 a6 5. c4 Nf6 6. Nc3 Bb4 7. Qd3 Qc7 8. a3
Bxc3+ 9. Qxc3 Nxe4 10. Nb5 axb5 11. Qxg7 Rf8 12. Bh6 Qd6 13. cxb5 b6 14. Rc1
Bb7 15. Be2 Qe7 16. Bf3 d5 17. Rc7 Nd7 18. Bxe4 dxe4 19. Rxb7 O-O-O 20. Ra7 Kb8
21. Ra6 Rg8 22. Qc3 Rc8 23. Qd4 f5 24. O-O Rc5 25. Qa4 Kc8 26. Ra8+ Nb8 27.
Qa6+ Qb7 28. b4 Qxa6 29. bxa6 1-0

[Event "Smuk Skak GM 2022"]
[Site "Skanderborg"]
[Date "2022.08.19"]
[Round "7"]
[White "Solodovnichenko, Yuri"]
[Black "Nielsen, Viktor Haarmark"]
[Result "1-0"]
[WhiteElo "2508"]
[BlackElo "2336"]
[PlyCount "85"]
[EventDate "2022.08.13"]
[EventType "tourn"]
[EventRounds "9"]
[EventCountry "DEN"]

1. e4 e5 2. Nf3 Nc6 3. Bb5 a6 4. Ba4 Nf6 5. d3 d6 6. c3 g6 7. Nbd2 Bg7 8. O-O
O-O 9. Re1 b5 10. Bb3 Nb8 11. a4 Bb7 12. Ba2 c5 13. Nf1 Nbd7 14. Ne3 Nb6 15. a5
Nbd7 16. h3 Rc8 17. Ng4 Nxg4 18. hxg4 Qe7 19. Bg5 Nf6 20. Nh2 h6 21. Bh4 c4 22.
f3 Rfd8 23. dxc4 bxc4 24. Qe2 d5 25. exd5 Rxd5 26. Nf1 Rxa5 27. Ne3 e4 28. f4
g5 29. fxg5 hxg5 30. Bf2 Nd5 31. Nf5 Qc7 32. Qxe4 Nf4 33. Ne7+ Kf8 34. Qh7 Be5
35. Nxc8 Qc6 36. Qg8+ Kxg8 37. Ne7+ Kf8 38. Nxc6 Bxc6 39. Bxc4 Rxa1 40. Rxa1
Bxg2 41. Bc5+ Kg8 42. Re1 Bf6 43. Be7 1-0

[Event "Smuk Skak GM 2022"]
[Site "Skanderborg"]
[Date "2022.08.19"]
[Round "7"]
[White "Hillarp Persson, Tiger"]
[Black "Pedersen, Nicolai Vesterbaek"]
[Result "1/2-1/2"]
[WhiteElo "2514"]
[BlackElo "2366"]
[PlyCount "80"]
[EventDate "2022.08.13"]
[EventType "tourn"]
[EventRounds "9"]
[EventCountry "DEN"]

1. d4 Nf6 2. c4 e6 3. Nc3 Bb4 4. e3 O-O 5. Bd3 d5 6. Nf3 c5 7. O-O Nc6 8. a3
Bxc3 9. bxc3 dxc4 10. Bxc4 Qc7 11. Ba2 e5 12. h3 Bf5 13. d5 Rad8 14. c4 Na5 15.
Bb2 Rfe8 16. Nh4 Bg6 17. Nxg6 hxg6 18. Qc2 e4 19. Qc3 b6 20. f4 Nb7 21. g4 Re7
22. a4 Nd6 23. Bb3 a6 24. Rfc1 Rc8 25. Bd1 b5 26. axb5 axb5 27. cxb5 Nxb5 28.
Qa5 Qb8 29. Bxf6 gxf6 30. Rab1 Rb7 31. Qa1 Nc7 32. d6 Nd5 33. d7 Rd8 34. Ba4
Rxb1 35. Rxb1 Qc7 36. Qb2 g5 37. Qd2 Nb4 38. Qc3 Nd5 39. Qd2 Nb4 40. Qc3 Nd5
1/2-1/2

[Event "Smuk Skak GM 2022"]
[Site "Skanderborg"]
[Date "2022.08.20"]
[Round "8"]
[White "Boe Olsen, Filip"]
[Black "Hillarp Persson, Tiger"]
[Result "1-0"]
[WhiteElo "2427"]
[BlackElo "2514"]
[PlyCount "73"]
[EventDate "2022.08.13"]
[EventType "tourn"]
[EventRounds "9"]
[EventCountry "DEN"]

1. d4 Nf6 2. c4 g6 3. Nc3 Bg7 4. e4 d6 5. h3 e5 6. d5 a5 7. Be3 Na6 8. g4 Nc5
9. f3 Nfd7 10. h4 h5 11. g5 O-O 12. Nh3 c6 13. Nf2 a4 14. Qd2 Qa5 15. Rb1 Ra6
16. Be2 Rb6 17. O-O f6 18. Bd1 Qb4 19. a3 Qxc4 20. Be2 Qb3 21. Rfc1 fxg5 22.
Bd1 g4 23. Bxb3 Nxb3 24. Qd1 Rxf3 25. Bxb6 Nxb6 26. dxc6 bxc6 27. Ne2 Ba6 28.
Rc3 d5 29. Rxf3 gxf3 30. Nc3 Nd4 31. Qd2 Kf7 32. Nh3 Nc4 33. Ng5+ Ke7 34. Qf2
Bh6 35. exd5 Bxg5 36. hxg5 cxd5 37. Rd1 1-0

[Event "Smuk Skak GM 2022"]
[Site "Skanderborg"]
[Date "2022.08.20"]
[Round "8"]
[White "Korley, Kassa"]
[Black "Roshka, Yevgeniy"]
[Result "1/2-1/2"]
[WhiteElo "2432"]
[BlackElo "2499"]
[PlyCount "114"]
[EventDate "2022.08.13"]
[EventType "tourn"]
[EventRounds "9"]
[EventCountry "DEN"]

1. d4 Nf6 2. c4 d6 3. Nf3 Nbd7 4. Nc3 e5 5. g3 Be7 6. Bg2 O-O 7. O-O exd4 8.
Nxd4 Nb6 9. b3 d5 10. cxd5 Nfxd5 11. Nxd5 Nxd5 12. Bb2 c5 13. e4 Nb4 14. Nf5
Bxf5 15. exf5 Bf6 16. Qxd8 Raxd8 17. Bxf6 gxf6 18. Bxb7 Rfe8 19. Rac1 Re7 20.
Bg2 Rd2 21. a3 Nc2 22. Rfd1 Rxd1+ 23. Rxd1 Nxa3 24. Rc1 Rc7 25. Bf1 Rb7 26.
Rxc5 Rxb3 27. Ra5 Nc2 28. Rxa7 Rc3 29. Be2 Nd4 30. Bh5 Nxf5 31. Bxf7+ Kh8 32.
Bd5 Rc5 33. Rd7 Rc1+ 34. Kg2 Rd1 35. Rd8+ Kg7 36. Rg8+ Kh6 37. Be4 Nd6 38. Bf3
Rd2 39. g4 Nf7 40. h4 Rd3 41. Be2 Rd2 42. Bf3 Rd3 43. Be4 Rd4 44. f3 Nd6 45.
g5+ fxg5 46. hxg5+ Kh5 47. Bxh7 Rd5 48. f4 Kg4 49. Rf8 Rd2+ 50. Kf1 Kf3 51. Ke1
Rh2 52. g6 Ne4 53. Kd1 Nc3+ 54. Kc1 Na2+ 55. Kb1 Nc3+ 56. Kc1 Na2+ 57. Kb1 Nc3+
1/2-1/2

[Event "Smuk Skak GM 2022"]
[Site "Skanderborg"]
[Date "2022.08.20"]
[Round "8"]
[White "Solodovnichenko, Yuri"]
[Black "Aarav, Dengla"]
[Result "1/2-1/2"]
[WhiteElo "2508"]
[BlackElo "2382"]
[PlyCount "173"]
[EventDate "2022.08.13"]
[EventType "tourn"]
[EventRounds "9"]
[EventCountry "DEN"]

1. c4 e6 2. Nf3 d5 3. e3 Nf6 4. Nc3 b6 5. b3 Bb7 6. Bb2 Nbd7 7. Be2 a6 8. O-O
Bd6 9. Qc2 O-O 10. Rac1 Re8 11. d3 c5 12. Rfe1 Ne5 13. d4 cxd4 14. exd4 Nxf3+
15. Bxf3 Bb4 16. a3 Bxc3 17. Qxc3 Rc8 18. c5 b5 19. b4 Bc6 20. Bd1 a5 21. Bc2
Qc7 22. Qd3 axb4 23. axb4 g6 24. Ra1 Ra8 25. f3 Nh5 26. Bc3 Rxa1 27. Rxa1 Qb7
28. Bd2 Ra8 29. Ra5 Nf6 30. Qa3 Nd7 31. Bd3 Rxa5 32. Qxa5 Nf6 33. Bf4 Ne8 34.
h4 f6 35. Kh2 Kf7 36. g4 Qd7 37. Qa2 Qe7 38. Qa6 Qd7 39. g5 e5 40. dxe5 Nc7 41.
Qb6 Ne6 42. Kg3 f5 43. Qb8 Qe8 44. Qd6 Qd7 45. Qb8 Qe8 46. Qd6 Qd7 47. Bc1 Qe8
48. h5 Qd7 49. Bb1 Qc8 50. Ba2 Qb7 51. Bb3 Qc7 52. Bc2 Qd7 53. Bd2 Qc8 54. Bb3
Qc7 55. Kf2 Qb7 56. Bc2 Qd7 57. Bd3 Qe8 58. Ke1 Qd7 59. Kd1 Qe8 60. Kc1 Qd7 61.
Kb2 Qe8 62. Bc2 Qd7 63. Kc1 Qe8 64. Bb3 Qa8 65. Kb2 Qb7 66. h6 Qc7 67. Kc1 Qb7
68. Kd1 Qc7 69. Ke1 Qb7 70. Kf2 Qc7 71. Kg3 Qb7 72. Bc2 Qc7 73. Bf4 Qd7 74. Bc1
Qc7 75. Bb3 Qb7 76. f4 Qc7 77. Bb2 Qb7 78. Kf2 Qc7 79. Kg3 Qb7 80. Ba2 Qc7 81.
Bb1 Qd7 82. Bd3 Qe8 83. Be2 Qc8 84. Bf3 Qc7 85. Bg2 Qb7 86. Bh3 Qd7 87. Bf1
1/2-1/2

[Event "Smuk Skak GM 2022"]
[Site "Skanderborg"]
[Date "2022.08.20"]
[Round "8"]
[White "Nielsen, Viktor Haarmark"]
[Black "Pedersen, Nicolai Vesterbaek"]
[Result "1-0"]
[WhiteElo "2336"]
[BlackElo "2366"]
[PlyCount "79"]
[EventDate "2022.08.13"]
[EventType "tourn"]
[EventRounds "9"]
[EventCountry "DEN"]

1. d4 Nf6 2. c4 g6 3. Nc3 Bg7 4. e4 O-O 5. Nf3 d6 6. Be2 e5 7. Be3 Na6 8. O-O
exd4 9. Nxd4 Re8 10. f3 c6 11. Qd2 d5 12. cxd5 cxd5 13. e5 Nd7 14. f4 Nb6 15.
Ndb5 Bf8 16. Rfd1 Be6 17. b3 Nc5 18. Bf3 a6 19. Nd4 Qe7 20. Qf2 Rac8 21. Rac1
a5 22. Ndb5 Qd8 23. Na7 Ra8 24. Bxc5 Bxc5 25. Qxc5 Rxa7 26. Nb5 Ra6 27. Nc7 a4
28. Nxe8 Qxe8 29. Be2 Nd7 30. Qc8 Ra8 31. Qxe8+ Rxe8 32. bxa4 Nb6 33. Bb5 Ra8
34. Rd4 Nc4 35. Rc3 Kg7 36. Kf2 f6 37. Bxc4 dxc4 38. Rd6 Kf7 39. exf6 Rxa4 40.
Re3 1-0

[Event "Smuk Skak GM 2022"]
[Site "Skanderborg"]
[Date "2022.08.20"]
[Round "8"]
[White "Vinter Schou, Uffe"]
[Black "Ovsejevitsch, Sergei"]
[Result "0-1"]
[WhiteElo "2407"]
[BlackElo "2581"]
[PlyCount "112"]
[EventDate "2022.08.13"]
[EventType "tourn"]
[EventRounds "9"]
[EventCountry "DEN"]

1. c4 e6 2. g3 d5 3. Nf3 d4 4. Bg2 Nc6 5. O-O Bc5 6. d3 Nge7 7. Na3 O-O 8. Nc2
a5 9. b3 Nb4 10. a3 Nxc2 11. Qxc2 Nc6 12. Bd2 Re8 13. Qb2 e5 14. b4 Bf8 15. b5
Nb8 16. e3 dxe3 17. Bxe3 Nd7 18. Rfe1 Rb8 19. d4 exd4 20. Bxd4 Nc5 21. Rxe8
Qxe8 22. Re1 Be6 23. Qc3 Qd8 24. h4 h6 25. Re5 b6 26. Re3 Qd6 27. Kh2 Re8 28.
Be5 Qd8 29. Nd4 Bd6 30. Bxg7 Qxh4+ 31. Kg1 Qg5 32. Nxe6 Rxe6 33. Rxe6 Nxe6 34.
Bf6 Qf5 35. f4 Bxa3 36. Be5 Bd6 37. Bxd6 cxd6 38. Bd5 a4 39. Qe3 Nc5 40. Kg2
Kg7 41. Qc3+ Qf6 42. Qf3 Kf8 43. Kh3 Qf5+ 44. Kh2 h5 45. Qc3 Kg8 46. Qe3 Qc2+
47. Kh3 Kf8 48. Qf3 Qf5+ 49. Kh2 Qg4 50. Qe3 h4 51. gxh4 Qxh4+ 52. Kg2 Qf6 53.
Qf3 Qb2+ 54. Kf1 a3 55. Qg4 a2 56. Qc8+ Ke7 0-1

[Event "Smuk Skak GM 2022"]
[Site "Skanderborg"]
[Date "2022.08.21"]
[Round "9"]
[White "Hillarp Persson, Tiger"]
[Black "Korley, Kassa"]
[Result "1/2-1/2"]
[WhiteElo "2514"]
[BlackElo "2432"]
[PlyCount "111"]
[EventDate "2022.08.13"]
[EventType "tourn"]
[EventRounds "9"]
[EventCountry "DEN"]

1. c4 e6 2. Nf3 d5 3. g3 Nf6 4. Bg2 Be7 5. O-O O-O 6. d4 dxc4 7. Qc2 c6 8. Qxc4
b5 9. Qc2 Bb7 10. Bg5 Nbd7 11. Nc3 h6 12. Bxf6 Nxf6 13. Ne4 Nxe4 14. Qxe4 Rb8
15. Qe3 Qb6 16. Rac1 Rfd8 17. Rc2 Bf6 18. Rd2 Qa5 19. a3 b4 20. Rc1 Ba6 21. h4
Bb5 22. axb4 Qxb4 23. g4 Be7 24. g5 hxg5 25. hxg5 g6 26. Ne5 c5 27. Nxg6 cxd4
28. Nxe7+ Qxe7 29. Rxd4 Rxd4 30. Qxd4 Rd8 31. Qe5 a6 32. e3 Bd3 33. Rc7 Qd6 34.
Qxd6 Rxd6 35. Rc6 Rd8 36. Rb6 Kg7 37. Bf1 Bxf1 38. Kxf1 Rd2 39. Ke1 Rc2 40. f4
a5 41. Kd1 Rf2 42. Rb5 a4 43. Rb4 f6 44. gxf6+ Kxf6 45. Kc1 Rf1+ 46. Kc2 Ra1
47. Rd4 a3 48. b4 Re1 49. Kb3 Rxe3+ 50. Ka2 e5 51. fxe5+ Kxe5 52. Rd8 Rc3 53.
b5 Rc5 54. Rb8 Kd6 55. Rb7 Rc7 56. Rxc7 1/2-1/2

[Event "Smuk Skak GM 2022"]
[Site "Skanderborg"]
[Date "2022.08.21"]
[Round "9"]
[White "Aarav, Dengla"]
[Black "Nielsen, Viktor Haarmark"]
[Result "0-1"]
[WhiteElo "2382"]
[BlackElo "2336"]
[PlyCount "110"]
[EventDate "2022.08.13"]
[EventType "tourn"]
[EventRounds "9"]
[EventCountry "DEN"]

1. e4 e5 2. Nf3 Nc6 3. Bb5 a6 4. Ba4 Nf6 5. d3 d6 6. c3 g6 7. O-O Bg7 8. Re1
O-O 9. h3 Re8 10. Bg5 h6 11. Bh4 b5 12. Bc2 Nb8 13. a4 Bb7 14. axb5 axb5 15.
Rxa8 Bxa8 16. Nbd2 Nbd7 17. d4 c5 18. d5 c4 19. b4 cxb3 20. Bd3 g5 21. Bg3 Qb6
22. Qxb3 Rb8 23. Rb1 Nc5 24. Qc2 Nxd3 25. Qxd3 Nd7 26. h4 Nc5 27. Qe3 Na4 28.
Qxb6 Rxb6 29. Rb3 f5 30. hxg5 fxe4 31. gxh6 Bxd5 32. Rb4 Bxh6 33. Nxe4 Bxe4 34.
Rxe4 Nxc3 35. Rb4 Nd5 36. Rb3 b4 37. Ne1 Bd2 38. Nc2 Rc6 39. Rb2 Rc3 40. Kh2
Bc1 41. Nxb4 Bxb2 42. Nxd5 Rc5 43. Nf6+ Kf7 44. Ne4 Rc6 45. Kh3 d5 46. Ng5+ Kf6
47. Kg4 Rc4+ 48. Kh5 Kf5 49. Nf7 Rc7 50. Nh6+ Ke6 51. Kg6 d4 52. f4 exf4 53.
Bxf4 Rc2 54. g3 d3 55. Ng4 Bd4 0-1

[Event "Smuk Skak GM 2022"]
[Site "Skanderborg"]
[Date "2022.08.21"]
[Round "9"]
[White "Pedersen, Nicolai Vesterbaek"]
[Black "Boe Olsen, Filip"]
[Result "0-1"]
[WhiteElo "2366"]
[BlackElo "2427"]
[PlyCount "48"]
[EventDate "2022.08.13"]
[EventType "tourn"]
[EventRounds "9"]
[EventCountry "DEN"]

1. e4 c5 2. Nc3 d6 3. d4 cxd4 4. Qxd4 Nc6 5. Qd2 Nf6 6. b3 e6 7. Bb2 d5 8. exd5
exd5 9. O-O-O Be6 10. Bd3 Qa5 11. Qg5 O-O-O 12. Nge2 h6 13. Qh4 Bb4 14. a4 g5
15. Qg3 Nh5 16. Qf3 g4 17. Qe3 d4 18. Nxd4 Nxd4 19. Nb5 Nxb5 20. Bxh8 Ba3+ 21.
Bb2 Qc3 22. Bxa3 Nxa3 23. Rhe1 Nf4 24. Qxf4 Rxd3 0-1

[Event "Smuk Skak GM 2022"]
[Site "Skanderborg"]
[Date "2022.08.21"]
[Round "9"]
[White "Roshka, Yevgeniy"]
[Black "Vinter Schou, Uffe"]
[Result "1-0"]
[WhiteElo "2499"]
[BlackElo "2407"]
[PlyCount "79"]
[EventDate "2022.08.13"]
[EventType "tourn"]
[EventRounds "9"]
[EventCountry "DEN"]

1. d4 Nf6 2. c4 e6 3. Nf3 b6 4. g3 Bb7 5. Bg2 Be7 6. O-O O-O 7. d5 exd5 8. Nh4
c6 9. cxd5 Nxd5 10. Nf5 Bc5 11. e4 Nc7 12. b4 Qf6 13. bxc5 Qxa1 14. Qc2 Qe5 15.
Bf4 Qxc5 16. Qxc5 bxc5 17. Bxc7 Ba6 18. Rc1 Bd3 19. Nd2 Re8 20. Rc3 Na6 21. Bd6
Bb5 22. a3 Re6 23. e5 Rae8 24. f4 f6 25. Nf3 Be2 26. Bf1 Bxf1 27. Kxf1 g6 28.
Ne3 Kf7 29. Nc4 Rc8 30. Rb3 Ree8 31. Rb7 Ke6 32. Ke2 g5 33. Ne3 gxf4 34. gxf4
fxe5 35. fxe5 h6 36. Kd3 Ra8 37. Ke4 Rg8 38. Rb1 Rac8 39. Rf1 Rg7 40. Ng5+ 1-0